村がない都道府県 - Statistics

General Stats
  • This quiz has been taken 145 times
  • The average score is 12 of 13
Answer Stats
Hint Answer % Correct
都道府県 兵庫県
97%
都道府県 香川県
97%
都道府県 栃木県
96%
都道府県 山口県
96%
都道府県 愛媛県
96%
都道府県 長崎県
96%
都道府県 石川県
95%
都道府県 静岡県
95%
都道府県 滋賀県
95%
都道府県 広島県
95%
都道府県 佐賀県
95%
都道府県 福井県
94%
都道府県 三重県
93%
No matching quizzes found
Score Distribution
Percent of People with Each Score
Percentile by Number Answered
Your Score History
You have not taken this quiz